Statystyki dla Liczby od 1-10 w różnych językach! #2 Angielski

Kliknij tutaj aby rozwiązać quiz!

Ogólne statystyki

  • Ten quiz został rozwiązany 62 razy
  • Średni wynik to 10 z 10

Statystyki odpowiedzi

#Liczba% Poprawnych
5five
100%
4four
100%
1one
100%
7seven
100%
6six
100%
10ten
100%
2two
100%
8eight
98%
9nine
98%
3three
96%

Rozkład punktacji

Percentyl według liczby udzielonych odpowiedzi

Procent ludzi z każdym wynikiem

Twoja historia wyników

Nie rozwiązałeś tego quizu